[Event "25th Klatovy B 2017"]
[Site "Klatovy CZE"]
[Date "2017.07.06"]
[Round "6.19"]
[White "Kovarova, Oxana"]
[Black "Maly, Jiri"]
[Result "1/2-1/2"]
[WhiteElo "1740"]
[BlackElo "1646"]
[PlyCount "51"]
[EventDate "2017.07.01"]
[EventType "swiss"]
[EventRounds "9"]
[EventCountry "CZE"]

1. e4 c5 2. Nc3 Nc6 3. f4 d6 4. Bb5 Bd7 5. Nf3 a6 6. Bxc6 Bxc6 7. d3 e6 8. O-O Ne7 9. Qe1 g6 10. Nd1 Bg7 11. f5 exf5 12. exf5 O-O 13. Nh4 gxf5 14. Qg3 Ng6 15. Nxf5 Be5 16. Bf4 Kh8 17. Bxe5+ dxe5 18. Nde3 Qd7 19. Ng4 Nf4 20. Rxf4 exf4 21. Qxf4 Qd5 22. Nge3 Qe6 23. Rf1 Rae8 24. d4 cxd4 25. Qxd4+ Qe5 26. Ng4 1/2-1/2

[Event "25th Klatovy B 2017"]
[Site "Klatovy CZE"]
[Date "2017.07.06"]
[Round "6.20"]
[White "Ostry, Michal"]
[Black "Svec, Vitezslav"]
[Result "1-0"]
[WhiteElo "1743"]
[BlackElo "1630"]
[PlyCount "95"]
[EventDate "2017.07.01"]
[EventType "swiss"]
[EventRounds "9"]
[EventCountry "CZE"]

1. e4 e6 2. d4 d5 3. exd5 exd5 4. Bd3 Bd6 5. Nc3 c6 6. f3 Ne7 7. Nge2 Bf5 8. Bg5 Bxd3 9. Qxd3 Qc7 10. O-O-O Nd7 11. Rde1 O-O-O 12. Kb1 f6 13. Bc1 Ng6 14. g3 Rde8 15. f4 Ne7 16. f5 g6 17. fxg6 hxg6 18. Bf4 f5 19. Bg5 Ref8 20. Nf4 Rf7 21. Bxe7 Rxe7 22. Rxe7 Bxe7 23. Nxg6 Rh7 24. Nxe7+ Rxe7 25. Qxf5 Qd8 26. b3 Qh8 27. Qf4 Nf6 28. Rf1 Ne4 29. Nxe4 Rxe4 30. Qf8+ Qxf8 31. Rxf8+ Kc7 32. Rf4 Re2 33. h4 Rh2 34. Kb2 Rh3 35. Rg4 Kb6 36. Rg5 Kb5 37. h5 c5 38. dxc5 Kxc5 39. c4 Rh2+ 40. Kc3 Rxa2 41. Rxd5+ Kc6 42. Rd2 Ra5 43. Rh2 Rg5 44. Rh3 b5 45. cxb5+ Kxb5 46. h6 Rg8 47. h7 Rh8 48. g4 1-0

[Event "25th Klatovy B 2017"]
[Site "Klatovy CZE"]
[Date "2017.07.06"]
[Round "6.21"]
[White "Stanik, Michal"]
[Black "Merinsky, Vaclav"]
[Result "0-1"]
[WhiteElo "1746"]
[BlackElo "1439"]
[PlyCount "80"]
[EventDate "2017.07.01"]
[EventType "swiss"]
[EventRounds "9"]
[EventCountry "CZE"]

1. e4 e5 2. Nf3 Nc6 3. Bc4 Bc5 4. b4 Bb6 5. c3 Nf6 6. d3 d6 7. Qb3 O-O 8. a4 a5 9. b5 Ne7 10. O-O Ng6 11. Ba3 Qe8 12. Nbd2 Be6 13. Rae1 h6 14. d4 Nd7 15. h3 Bxc4 16. Nxc4 Ba7 17. b6 Bxb6 18. Nxb6 Nxb6 19. Bxd6 cxd6 20. Qxb6 Qxa4 21. Qxb7 Qc4 22. Qd5 Qxc3 23. Rc1 Qb2 24. Rb1 Qc2 25. Rfc1 Qd3 26. Rb3 Qe2 27. Rb7 Nf4 28. Qxd6 Qxe4 29. Rcc7 Nxh3+ 30. gxh3 Qxf3 31. dxe5 Rad8 32. Rd7 Rc8 33. Rbc7 Rb8 34. Qg6 Rb2 35. Qg2 Qe2 36. Re7 a4 37. Qg3 a3 38. e6 a2 39. Rc1 Qd2 40. Rec7 Rb1 0-1

[Event "25th Klatovy B 2017"]
[Site "Klatovy CZE"]
[Date "2017.07.06"]
[Round "6.22"]
[White "Flajsman, Zdenek"]
[Black "Parpel, Petr"]
[Result "0-1"]
[WhiteElo "1468"]
[BlackElo "1758"]
[PlyCount "50"]
[EventDate "2017.07.01"]
[EventType "swiss"]
[EventRounds "9"]
[EventCountry "CZE"]

1. e4 c5 2. Nf3 d6 3. d4 cxd4 4. Nxd4 a6 5. Bc4 Nf6 6. Nc3 e6 7. Nf3 Qc7 8. Bb3 Be7 9. O-O O-O 10. a4 Nc6 11. Re1 b6 12. h3 Bb7 13. Bf4 Rad8 14. Qc1 Nd7 15. Nd2 Bf6 16. Nc4 Nce5 17. Nxe5 Nxe5 18. Be3 Nd7 19. f3 Bxc3 20. bxc3 Qxc3 21. Qd2 Qxd2 22. Bxd2 Nc5 23. Rf1 d5 24. exd5 Bxd5 25. Rfe1 Bxb3 0-1

[Event "25th Klatovy B 2017"]
[Site "Klatovy CZE"]
[Date "2017.07.06"]
[Round "6.23"]
[White "Sova, Zdenek"]
[Black "Flajsman, Petr"]
[Result "1/2-1/2"]
[WhiteElo "1672"]
[BlackElo "1567"]
[PlyCount "53"]
[EventDate "2017.07.01"]
[EventType "swiss"]
[EventRounds "9"]
[EventCountry "CZE"]

1. Nf3 d5 2. d4 c5 3. e3 Nf6 4. c4 Nc6 5. cxd5 Nxd5 6. e4 Nf6 7. d5 Nxe4 8. Bc4 Qa5+ 9. Nbd2 Nb8 10. O-O Nd6 11. Nb3 Qc7 12. Bf4 Nd7 13. Rc1 Qd8 14. Bxd6 exd6 15. Re1+ Be7 16. Nh4 Ne5 17. Bb5+ Bd7 18. Bxd7+ Qxd7 19. Nf3 Nxf3+ 20. Qxf3 O-O 21. Na5 Bf6 22. b3 Rfe8 23. Nc4 b5 24. Na5 Rxe1+ 25. Rxe1 Re8 26. Rxe8+ Qxe8 27. Qd1 1/2-1/2

[Event "25th Klatovy B 2017"]
[Site "Klatovy CZE"]
[Date "2017.07.06"]
[Round "6.24"]
[White "Soukup, Jiri1"]
[Black "Vasko, Pavel"]
[Result "1-0"]
[WhiteElo "1640"]
[BlackElo "1578"]
[PlyCount "57"]
[EventDate "2017.07.01"]
[EventType "swiss"]
[EventRounds "9"]
[EventCountry "CZE"]

1. e4 e5 2. Nc3 Nf6 3. Bc4 Bc5 4. d3 O-O 5. Nf3 d6 6. Bg5 Be6 7. Bb3 h6 8. Be3 Bxe3 9. fxe3 Bxb3 10. axb3 a6 11. Qd2 Nbd7 12. O-O c6 13. d4 exd4 14. exd4 b5 15. Rae1 Qb6 16. Kh1 b4 17. Nd1 Rfe8 18. Qf4 Re6 19. e5 dxe5 20. Nxe5 Rf8 21. Nxd7 Nxd7 22. Ne3 Nf6 23. Nf5 Nd5 24. Qh4 Rf6 25. Ne7+ Kh8 26. Rxf6 Nxf6 27. Rf1 Ne8 28. Ng6+ Kg8 29. Qe7 1-0

[Event "25th Klatovy B 2017"]
[Site "Klatovy CZE"]
[Date "2017.07.06"]
[Round "6.25"]
[White "Vavrinkova, Anna"]
[Black "Svec, Ludek"]
[Result "0-1"]
[WhiteElo "1452"]
[BlackElo "1723"]
[PlyCount "56"]
[EventDate "2017.07.01"]
[EventType "swiss"]
[EventRounds "9"]
[EventCountry "CZE"]

1. e4 c5 2. Nf3 e6 3. c3 Nc6 4. Bb5 d5 5. exd5 Qxd5 6. O-O Nge7 7. d3 a6 8. Bc4 Qd6 9. Bb3 g6 10. Bc2 Bg7 11. Nbd2 b6 12. Ne4 Qc7 13. Be3 Bb7 14. Qd2 Nd5 15. Bg5 f5 16. Ng3 h6 17. Qe2 e5 18. Bd2 O-O 19. Bb3 Na5 20. Bc2 Nf4 21. Qe3 Qc6 22. Rad1 Rae8 23. Rfe1 Nxg2 24. Kxg2 f4 25. Qe4 fxg3 26. Qxc6 Bxc6 27. Re3 Rxf3 28. Rxf3 Rf8 0-1

[Event "25th Klatovy B 2017"]
[Site "Klatovy CZE"]
[Date "2017.07.06"]
[Round "6.26"]
[White "Kovar, Petr2"]
[Black "Kotal, Vit"]
[Result "1-0"]
[WhiteElo "1990"]
[BlackElo "1388"]
[PlyCount "73"]
[EventDate "2017.07.01"]
[EventType "swiss"]
[EventRounds "9"]
[EventCountry "CZE"]

1. d4 Nf6 2. Nf3 g6 3. g3 Bg7 4. Bg2 d6 5. O-O O-O 6. c4 Nbd7 7. Nc3 c5 8. e3 Nb6 9. b3 Nh5 10. Bb2 f5 11. d5 Nf6 12. Qc2 Bd7 13. a4 a5 14. Rfe1 Qe8 15. Nd2 Qf7 16. Ne2 Rab8 17. Bc3 Ra8 18. Rf1 Ra7 19. Rae1 e5 20. dxe6 Bxe6 21. Nf4 d5 22. Nxe6 Qxe6 23. Bxf6 Bxf6 24. cxd5 Qd6 25. Rc1 Be7 26. Nb1 Nd7 27. Nc3 Ra6 28. Rfd1 Rc8 29. Nb5 Qb6 30. d6 Bf8 31. Qc4+ Kg7 32. Qe6 Rd8 33. Bd5 Ne5 34. f4 Nd7 35. Rc4 Raa8 36. Qf7+ Kh6 37. h3 1-0

[Event "25th Klatovy B 2017"]
[Site "Klatovy CZE"]
[Date "2017.07.06"]
[Round "6.27"]
[White "Celovsky, Jan"]
[Black "Haderka, Karel"]
[Result "0-1"]
[WhiteElo "1387"]
[BlackElo "1825"]
[PlyCount "66"]
[EventDate "2017.07.01"]
[EventType "swiss"]
[EventRounds "9"]
[EventCountry "CZE"]

1. e4 e6 2. d4 d5 3. exd5 exd5 4. Nf3 Nf6 5. Bd3 Be7 6. h3 Ne4 7. O-O O-O 8. Re1 f5 9. c4 c6 10. Nc3 Bb4 11. Bd2 Bxc3 12. Bxc3 Be6 13. Qb3 dxc4 14. Bxc4 Bxc4 15. Qxc4+ Qd5 16. Qb4 b6 17. Qe7 Nd7 18. Ne5 Nxe5 19. Qxe5 Qxe5 20. dxe5 Nxc3 21. bxc3 Kf7 22. Rad1 Rad8 23. f4 Ke6 24. Kf2 b5 25. Kf3 Rd5 26. c4 bxc4 27. Rb1 Rfd8 28. Rb7 Rd3+ 29. Re3 c3 30. Rb3 c2 31. Rc3 Rd2 32. Rxc6+ Ke7 33. Rec3 c1=Q 0-1

[Event "25th Klatovy B 2017"]
[Site "Klatovy CZE"]
[Date "2017.07.06"]
[Round "6.28"]
[White "Rerabek, Jaroslav"]
[Black "Lukes, Martin 2001"]
[Result "1/2-1/2"]
[WhiteElo "1721"]
[BlackElo "1474"]
[PlyCount "76"]
[EventDate "2017.07.01"]
[EventType "swiss"]
[EventRounds "9"]
[EventCountry "CZE"]

1. e4 e5 2. Nf3 Nc6 3. Bc4 Bc5 4. d3 Nf6 5. c3 d6 6. h3 Be6 7. Bb3 d5 8. exd5 Bxd5 9. O-O Bxb3 10. axb3 O-O 11. Bg5 Qd6 12. Qc2 Rad8 13. b4 Bb6 14. b5 Ne7 15. c4 Ng6 16. Rd1 e4 17. Ne1 Ne5 18. Bxf6 gxf6 19. Nc3 exd3 20. Qd2 Nxc4 21. Qh6 Nxb2 22. Ne4 Bxf2+ 23. Kh1 Nxd1 24. Nxf6+ Qxf6 25. Qxf6 Bxe1 26. Qg5+ Kh8 27. Qe5+ f6 28. Qxe1 Nb2 29. Qc1 d2 30. Qxb2 d1=Q+ 31. Rxd1 Rxd1+ 32. Kh2 Rd6 33. Qf2 a6 34. bxa6 Rxa6 35. Qc5 Rc8 36. Qf5 Rca8 37. h4 Rd6 38. Qc5 Rc6 1/2-1/2

[Event "25th Klatovy B 2017"]
[Site "Klatovy CZE"]
[Date "2017.07.06"]
[Round "6.29"]
[White "Stvan, Marek"]
[Black "Svanda, Adam"]
[Result "1/2-1/2"]
[WhiteElo "1663"]
[BlackElo "1699"]
[PlyCount "61"]
[EventDate "2017.07.01"]
[EventType "swiss"]
[EventRounds "9"]
[EventCountry "CZE"]

1. e4 d5 2. exd5 Qxd5 3. Nc3 Qa5 4. Bc4 Nf6 5. d3 c6 6. Bd2 Bf5 7. h3 Qc7 8. Nf3 e6 9. Nh4 Bg6 10. Qf3 Bd6 11. O-O-O Nbd7 12. Bb3 O-O-O 13. Nxg6 hxg6 14. Bg5 Rdf8 15. a3 Nd5 16. Bxd5 exd5 17. Rhe1 Ne5 18. Qe2 f6 19. Bd2 Qb6 20. f4 Nd7 21. Qg4 Rh6 22. Re6 Qc7 23. Rde1 Qd8 24. h4 f5 25. Qe2 Nf6 26. g3 Rhh8 27. Qf1 Re8 28. Rxe8 Rxe8 29. Rxe8 Qxe8 30. Qe2 Qe7 31. Kd1 1/2-1/2

[Event "25th Klatovy B 2017"]
[Site "Klatovy CZE"]
[Date "2017.07.06"]
[Round "6.30"]
[White "Kovar, Vaclav 1953"]
[Black "Janous, Marek"]
[Result "1-0"]
[WhiteElo "1650"]
[BlackElo "1168"]
[PlyCount "67"]
[EventDate "2017.07.01"]
[EventType "swiss"]
[EventRounds "9"]
[EventCountry "CZE"]

1. d4 d5 2. c4 dxc4 3. Nc3 e5 4. d5 c6 5. e4 Nf6 6. Bxc4 Bb4 7. Qc2 cxd5 8. exd5 O-O 9. Bg5 h6 10. Bh4 Nbd7 11. Rd1 Qc7 12. Bb3 Qb6 13. Nge2 Nc5 14. O-O Bg4 15. Rc1 Rac8 16. Kh1 Bxe2 17. Qxe2 Nxb3 18. axb3 Rfe8 19. Rfd1 Rcd8 20. Qc4 Bxc3 21. bxc3 Rc8 22. Qa4 Qd6 23. c4 Ne4 24. b4 g5 25. Bg3 f5 26. f3 Nxg3+ 27. hxg3 a6 28. c5 Qg6 29. d6 Rcd8 30. Qb3+ Kg7 31. Qd5 Rd7 32. c6 bxc6 33. Rxc6 Red8 34. Qxe5+ 1-0

[Event "25th Klatovy B 2017"]
[Site "Klatovy CZE"]
[Date "2017.07.06"]
[Round "6.31"]
[White "Fekete, Frantisek 1941"]
[Black "Novotny, Jaromir"]
[Result "1/2-1/2"]
[WhiteElo "1678"]
[BlackElo "1394"]
[PlyCount "36"]
[EventDate "2017.07.01"]
[EventType "swiss"]
[EventRounds "9"]
[EventCountry "CZE"]

1. e4 c5 2. Nc3 g6 3. g3 Bg7 4. Bg2 Nc6 5. d3 d6 6. f4 e5 7. Nh3 Nge7 8. O-O Bd7 9. Nf2 O-O 10. a3 a6 11. Bd2 b5 12. Rb1 Rb8 13. Nd5 Nxd5 14. exd5 Ne7 15. fxe5 Bxe5 16. Bc3 Bxc3 17. bxc3 Qa5 18. c4 f5 1/2-1/2

[Event "25th Klatovy B 2017"]
[Site "Klatovy CZE"]
[Date "2017.07.06"]
[Round "6.32"]
[White "Tomascik, Petr"]
[Black "Skalny, Petr"]
[Result "0-1"]
[WhiteElo "1474"]
[BlackElo "1767"]
[PlyCount "53"]
[EventDate "2017.07.01"]
[EventType "swiss"]
[EventRounds "9"]
[EventCountry "CZE"]

1. d4 Nf6 2. c4 e6 3. Nc3 d5 4. cxd5 exd5 5. Nf3 c6 6. e3 Bg4 7. Be2 Bd6 8. h3 Bh5 9. a3 O-O 10. b4 Nbd7 11. Bb2 Nb6 12. Nd2 Bg6 13. Bf3 Re8 14. O-O Rc8 15. Bg4 Rc7 16. Qf3 Rce7 17. Rae1 Bd3 18. Ne2 Ne4 19. Qf5 g6 20. Nxe4 gxf5 21. Nf6+ Kh8 22. Nxe8 Rxe8 23. Bh5 Nc4 24. Bc1 Rg8 25. f4 Qh4 26. Bf3 Qxh3 27. Rf2 0-1

[Event "25th Klatovy B 2017"]
[Site "Klatovy CZE"]
[Date "2017.07.06"]
[Round "6.33"]
[White "Ruzicka, Filip1"]
[Black "Sindelar, Jan"]
[Result "1/2-1/2"]
[WhiteElo "1644"]
[BlackElo "1395"]
[PlyCount "65"]
[EventDate "2017.07.01"]
[EventType "swiss"]
[EventRounds "9"]
[EventCountry "CZE"]

1. e4 c6 2. d4 d5 3. exd5 cxd5 4. c4 Nf6 5. Nc3 e6 6. Nf3 Nc6 7. a3 a6 8. cxd5 Nxd5 9. Bd3 Be7 10. Bc2 Nb6 11. O-O Bf6 12. Ne2 Ne7 13. Re1 Ned5 14. Nf4 Bd7 15. Ne5 Nxf4 16. Bxf4 Nd5 17. Bg3 Bg5 18. h4 Bf6 19. Qh5 g6 20. Qf3 Rf8 21. Nxd7 Qxd7 22. Bb3 Be7 23. Bxd5 exd5 24. Re5 f5 25. Rae1 Rf7 26. Rxd5 Qc6 27. Rde5 Qxf3 28. gxf3 Rd8 29. d5 Kf8 30. Kg2 Bf6 31. Re6 Rxd5 32. Bf4 Kg7 33. Be5 1/2-1/2

[Event "25th Klatovy B 2017"]
[Site "Klatovy CZE"]
[Date "2017.07.06"]
[Round "6.34"]
[White "Dolejs, Jakub"]
[Black "Frnoch, Vojtech"]
[Result "1-0"]
[WhiteElo "1442"]
[BlackElo "1660"]
[PlyCount "64"]
[EventDate "2017.07.01"]
[EventType "swiss"]
[EventRounds "9"]
[EventCountry "CZE"]

1. d4 Nf6 2. c4 e5 3. e3 exd4 4. exd4 Bb4+ 5. Bd2 Bxd2+ 6. Nxd2 O-O 7. Bd3 Re8+ 8. Ne2 b6 9. O-O Bb7 10. Rc1 d6 11. Rc3 Nbd7 12. Ng3 Nf8 13. Nh5 Nxh5 14. Qxh5 Re6 15. Nf3 Rh6 16. Qf5 Ng6 17. Ng5 Qe7 18. Be4 c6 19. Re3 Qc7 20. d5 Bc8 21. Qf3 Ne5 22. Qe2 g6 23. f4 Ng4 24. Rg3 Nf6 25. dxc6 Ba6 26. Bd3 Re8 27. Re3 Rxe3 28. Qxe3 Qxc6 29. Qe7 Bxc4 30. Bxc4 Qc5+ 31. Rf2 Qxc4 32. Qxf6 Qxa2 1-0

[Event "25th Klatovy B 2017"]
[Site "Klatovy CZE"]
[Date "2017.07.06"]
[Round "6.35"]
[White "Vavrinkova, Jitka"]
[Black "Kadlec, Rudolf"]
[Result "1-0"]
[WhiteElo "1676"]
[BlackElo "1436"]
[PlyCount "65"]
[EventDate "2017.07.01"]
[EventType "swiss"]
[EventRounds "9"]
[EventCountry "CZE"]

1. e4 d5 2. exd5 Nf6 3. d4 Nxd5 4. c4 Nb4 5. Qa4+ N8c6 6. a3 Na6 7. d5 Nc5 8. Qd1 Ne5 9. Bf4 Ng6 10. Be3 e6 11. Nc3 exd5 12. cxd5 Bd6 13. Bb5+ Bd7 14. Nf3 a6 15. Be2 O-O 16. b4 Ne4 17. Nxe4 Re8 18. Nxd6 cxd6 19. O-O Qe7 20. Bd3 Bb5 21. Re1 Bxd3 22. Qxd3 Qd7 23. h3 Re7 24. Bg5 f6 25. Rxe7 Qxe7 26. Re1 Qc7 27. Bd2 Ne5 28. Nxe5 fxe5 29. f4 Re8 30. fxe5 dxe5 31. d6 Qd7 32. Qd5+ Kh8 33. Rxe5 1-0

[Event "25th Klatovy B 2017"]
[Site "Klatovy CZE"]
[Date "2017.07.06"]
[Round "6.36"]
[White "Stanke, Petr"]
[Black "Sedlacek, Pavel"]
[Result "0-1"]
[WhiteElo "1284"]
[BlackElo "1580"]
[PlyCount "40"]
[EventDate "2017.07.01"]
[EventType "swiss"]
[EventRounds "9"]
[EventCountry "CZE"]

1. e4 c5 2. Nf3 d6 3. d4 cxd4 4. Nxd4 Nf6 5. Nc3 a6 6. g3 e6 7. Bg2 Be7 8. O-O O-O 9. Be3 Nbd7 10. Nb3 Qc7 11. f4 Qb8 12. g4 h6 13. g5 hxg5 14. fxg5 Nh7 15. Qh5 Ne5 16. Bf4 Ng6 17. Rf3 Nxf4 18. Rxf4 Bxg5 19. Rg4 Be3+ 20. Kh1 Nf6 0-1

[Event "25th Klatovy B 2017"]
[Site "Klatovy CZE"]
[Date "2017.07.06"]
[Round "6.37"]
[White "Veverkova, Dorota"]
[Black "Svejdar, Pavel"]
[Result "0-1"]
[WhiteElo "1240"]
[BlackElo "1581"]
[PlyCount "100"]
[EventDate "2017.07.01"]
[EventType "swiss"]
[EventRounds "9"]
[EventCountry "CZE"]

1. e4 e5 2. Nf3 Nc6 3. Bc4 Bc5 4. c3 Nf6 5. d4 exd4 6. O-O d5 7. exd5 Nxd5 8. cxd4 Be7 9. Nc3 Be6 10. Nxd5 Bxd5 11. Bd3 O-O 12. Bc2 Bxf3 13. Qxf3 Nxd4 14. Qd3 Nxc2 15. Qxc2 Bd6 16. Qe4 b6 17. Qg4 Qf6 18. Bg5 Qe5 19. f4 Qxb2 20. f5 f6 21. Bh6 Rf7 22. Rae1 Be5 23. Re2 Qd4+ 24. Qxd4 Bxd4+ 25. Be3 Re7 26. Rf3 Rae8 27. Kf2 c5 28. Ke1 Rxe3 29. Rfxe3 Rxe3 30. Kd2 Rxe2+ 31. Kxe2 b5 32. Kd3 a5 33. Kc2 g5 34. fxg6 hxg6 35. Kb3 Kf7 36. a4 c4+ 37. Kc2 b4 38. g4 b3+ 39. Kb1 g5 40. Kc1 c3 41. Kb1 Ke6 42. Kc1 f5 43. gxf5+ Kxf5 44. Kd1 Be3 45. Ke2 Ke4 46. Kf1 c2 47. Kg2 c1=Q 48. h4 Qg1+ 49. Kh3 Kf3 50. hxg5 Qh1# 0-1

[Event "25th Klatovy B 2017"]
[Site "Klatovy CZE"]
[Date "2017.07.06"]
[Round "6.38"]
[White "Stanke, Vilem"]
[Black "Roskovec, Bedrich"]
[Result "1/2-1/2"]
[WhiteElo "1334"]
[BlackElo "1585"]
[PlyCount "98"]
[EventDate "2017.07.01"]
[EventType "swiss"]
[EventRounds "9"]
[EventCountry "CZE"]

1. e4 e6 2. d4 d5 3. exd5 exd5 4. Nf3 Nf6 5. Bg5 Be7 6. Bd3 Ne4 7. Bxe7 Qxe7 8. O-O O-O 9. Re1 Bg4 10. Nc3 Nxc3 11. Rxe7 Nxd1 12. Rxd1 Nd7 13. Rde1 Be6 14. Ng5 Rfe8 15. Bxh7+ Kf8 16. Rxe8+ Rxe8 17. Nxe6+ Rxe6 18. Rxe6 fxe6 19. Bd3 Kf7 20. f4 Nf6 21. Kf2 Ng4+ 22. Kf3 Nh6 23. g4 g6 24. h4 c6 25. g5 Ng8 26. Kg4 Ne7 27. h5 gxh5+ 28. Kxh5 Kg7 29. Kg4 b6 30. f5 exf5+ 31. Bxf5 c5 32. c3 a5 33. Kf4 cxd4 34. cxd4 Nc6 35. Be6 Nxd4 36. Bxd5 b5 37. Be4 Ne2+ 38. Ke3 Nc1 39. a3 Nb3 40. Kd3 b4 41. axb4 axb4 42. Bf5 Nc1+ 43. Kc2 Ne2 44. Kd2 Nd4 45. Be4 Ne6 46. g6 Nc5 47. Bb1 Na4 48. Kc1 b3 49. Bf5 Kf6 1/2-1/2

[Event "25th Klatovy B 2017"]
[Site "Klatovy CZE"]
[Date "2017.07.06"]
[Round "6.39"]
[White "Zimmermann, Ladislav"]
[Black "Sedlak, Jakub"]
[Result "0-1"]
[WhiteElo "1320"]
[BlackElo "1495"]
[PlyCount "70"]
[EventDate "2017.07.01"]
[EventType "swiss"]
[EventRounds "9"]
[EventCountry "CZE"]

1. e4 e6 2. d4 d5 3. e5 c5 4. c4 dxc4 5. Bxc4 Qxd4 6. Qxd4 cxd4 7. Nf3 Bc5 8. O-O Ne7 9. Bg5 Nec6 10. Nbd2 h6 11. Ne4 Be7 12. Bxe7 Kxe7 13. Bb5 Rd8 14. Rad1 a6 15. Bxc6 Nxc6 16. Nd6 Rb8 17. Nxd4 Nxe5 18. f4 Rxd6 19. fxe5 Rd5 20. Nf3 Rxd1 21. Rxd1 Bd7 22. Nd4 Bc6 23. g3 Rd8 24. Kf2 Rd5 25. Rd2 Rxe5 26. Nxc6+ bxc6 27. b3 Rd5 28. Re2 Kd6 29. Kf3 Rf5+ 30. Kg4 c5 31. Rd2+ Rd5 32. Rf2 Rd4+ 33. Kh5 Ke7 34. g4 c4 35. bxc4 Rxc4 0-1

[Event "25th Klatovy B 2017"]
[Site "Klatovy CZE"]
[Date "2017.07.06"]
[Round "6.40"]
[White "Novy, Jan"]
[Black "Chmelik, Benedikt"]
[Result "0-1"]
[WhiteElo "1563"]
[BlackElo "1432"]
[PlyCount "76"]
[EventDate "2017.07.01"]
[EventType "swiss"]
[EventRounds "9"]
[EventCountry "CZE"]

1. c4 e5 2. Nc3 Nf6 3. Nf3 Nc6 4. d4 exd4 5. Nxd4 Bb4 6. Nxc6 bxc6 7. Bd2 O-O 8. g3 Ba6 9. e3 d5 10. a3 Be7 11. Qa4 Bb7 12. Bg2 Re8 13. O-O h6 14. Ne2 Ne4 15. Be1 Bf6 16. Qc2 Ba6 17. c5 Rb8 18. Rb1 Bxe2 19. Qxe2 Nxc5 20. Bb4 Ne4 21. Bxe4 Rxe4 22. f3 Re6 23. Rfd1 Qe8 24. Bc5 a5 25. b4 Rb5 26. a4 Rb8 27. bxa5 Ra8 28. Qd2 Bg5 29. Rb3 Be7 30. Qb4 Qf8 31. Bxe7 Qxe7 32. Qb7 Rxa5 33. Qc8+ Kh7 34. Rb8 Rxa4 35. Rb7 Rxe3 36. Qf5+ g6 37. Qf4 Rxf4 38. gxf4 Re1+ 0-1

[Event "25th Klatovy B 2017"]
[Site "Klatovy CZE"]
[Date "2017.07.06"]
[Round "6.41"]
[White "Zilava, Anezka"]
[Black "Jesensky, Jaromir"]
[Result "1/2-1/2"]
[WhiteElo "1245"]
[BlackElo "1552"]
[PlyCount "54"]
[EventDate "2017.07.01"]
[EventType "swiss"]
[EventRounds "9"]
[EventCountry "CZE"]

1. e4 e5 2. Nf3 d6 3. Nc3 Nf6 4. Bc4 Be7 5. d3 c6 6. Bg5 Nbd7 7. Qd2 O-O 8. O-O b5 9. Bb3 Qc7 10. a3 a5 11. Qe3 Ba6 12. h3 Bc8 13. Ba2 Nc5 14. b4 Ne6 15. Bh4 Nh5 16. Bxe7 Qxe7 17. Qb6 Ra6 18. Qe3 Nhf4 19. Ne2 Qf6 20. Ng3 Kh8 21. c3 Qe7 22. Nf5 Qd8 23. Rfd1 Qc7 24. d4 g6 25. Ng3 axb4 26. axb4 exd4 27. Nxd4 Qb6 1/2-1/2

[Event "25th Klatovy B 2017"]
[Site "Klatovy CZE"]
[Date "2017.07.06"]
[Round "6.42"]
[White "Palla, Ivan"]
[Black "Vavrinkova, Marie"]
[Result "1-0"]
[WhiteElo "1552"]
[BlackElo "1130"]
[PlyCount "55"]
[EventDate "2017.07.01"]
[EventType "swiss"]
[EventRounds "9"]
[EventCountry "CZE"]

1. Nf3 Nf6 2. g3 g6 3. Bg2 Bg7 4. O-O O-O 5. Nc3 d5 6. d4 Bf5 7. Nh4 Be6 8. e3 Nbd7 9. Ne2 g5 10. Nf3 h6 11. Rb1 c6 12. Nc3 Nb6 13. b3 Bf5 14. Bb2 a6 15. Ne5 Nbd7 16. Nxd7 Qxd7 17. Na4 Rad8 18. Nc5 Qc8 19. Rc1 b6 20. Nd3 Ng4 21. c4 Nf6 22. Ne5 Ng4 23. cxd5 Nxe5 24. dxe5 e6 25. Rxc6 Qxc6 26. dxc6 Rxd1 27. Rxd1 Rc8 28. Rd7 1-0

[Event "25th Klatovy B 2017"]
[Site "Klatovy CZE"]
[Date "2017.07.06"]
[Round "6.43"]
[White "Vilimek, Vit"]
[Black "Jedlicka, Pavel"]
[Result "0-1"]
[WhiteElo "1276"]
[BlackElo "1525"]
[PlyCount "116"]
[EventDate "2017.07.01"]
[EventType "swiss"]
[EventRounds "9"]
[EventCountry "CZE"]

1. e4 c6 2. d4 d6 3. c4 Nd7 4. Nf3 Qc7 5. Nc3 e5 6. Be3 Be7 7. d5 Ngf6 8. Be2 Ng4 9. Bd2 Nc5 10. b4 Nd7 11. h3 Ngf6 12. Nh4 Nf8 13. Nf3 b6 14. dxc6 Qxc6 15. c5 Bd7 16. cxd6 Bxd6 17. b5 Qc7 18. Rc1 Qb7 19. Bg5 Bb4 20. Bxf6 gxf6 21. Bd3 Rg8 22. Kf1 Rc8 23. Nd5 Be7 24. Nxe7 Kxe7 25. g3 Ne6 26. h4 Ng7 27. Kg2 Bg4 28. Qb3 Bxf3+ 29. Kxf3 Ne6 30. Qb4+ Nc5 31. Rhe1 Rgd8 32. Bc4 f5 33. Bd5 Rxd5 34. exd5 Qxd5+ 35. Re4 fxe4+ 36. Ke2 Qd3+ 37. Ke1 Rd8 38. Qc3 Qxc3+ 39. Rxc3 Rd3 40. Rc1 f5 41. Ke2 Rf3 42. Rd1 Nd3 43. Rf1 h5 44. a3 Kf6 45. a4 f4 46. a5 Kf5 47. axb6 axb6 48. Rh1 Rxf2+ 49. Kd1 fxg3 50. Rg1 g2 51. Rxg2 Nb2+ 52. Kc1 Rxg2 53. Kb1 Nd3 54. Ka1 Ke6 55. Kb1 Kd5 56. Ka1 Kc4 57. Kb1 Kb3 58. Ka1 Rg1# 0-1

[Event "25th Klatovy B 2017"]
[Site "Klatovy CZE"]
[Date "2017.07.06"]
[Round "6.44"]
[White "Lang, Simon"]
[Black "Kudrna, Miroslav"]
[Result "1-0"]
[WhiteElo "1166"]
[BlackElo "1569"]
[PlyCount "37"]
[EventDate "2017.07.01"]
[EventType "swiss"]
[EventRounds "9"]
[EventCountry "CZE"]

1. e4 e6 2. d4 d5 3. exd5 exd5 4. Bd3 Nc6 5. c3 Bd6 6. h3 Nf6 7. Nf3 Qe7+ 8. Be3 O-O 9. O-O Ne4 10. Nbd2 f5 11. Re1 f4 12. Nxe4 fxe3 13. Nxd6 exf2+ 14. Kxf2 Qxd6 15. Qc2 Bxh3 16. Bxh7+ Kh8 17. Rh1 Be6 18. Kg1 Qf4 19. Bf5+ 1-0

[Event "25th Klatovy B 2017"]
[Site "Klatovy CZE"]
[Date "2017.07.06"]
[Round "6.45"]
[White "Vavrousek, Petr"]
[Black "Filip, Petr 1952"]
[Result "1-0"]
[WhiteElo "1686"]
[BlackElo "1372"]
[PlyCount "31"]
[EventDate "2017.07.01"]
[EventType "swiss"]
[EventRounds "9"]
[EventCountry "CZE"]

1. e4 e5 2. Nf3 d6 3. d4 Bg4 4. dxe5 Bxf3 5. Qxf3 dxe5 6. Bc4 Nf6 7. Qb3 Qe7 8. Qxb7 Nfd7 9. Qxa8 Qc5 10. Qd5 Qe7 11. Qb7 Qc5 12. b3 Bd6 13. Qc8+ Ke7 14. Qxh8 Qd4 15. O-O Qxa1 16. Qxg7 1-0

[Event "25th Klatovy B 2017"]
[Site "Klatovy CZE"]
[Date "2017.07.06"]
[Round "6.46"]
[White "Skalicky, Jindrich"]
[Black "Bauer, Jan 2005"]
[Result "0-1"]
[WhiteElo "1274"]
[BlackElo "1432"]
[PlyCount "32"]
[EventDate "2017.07.01"]
[EventType "swiss"]
[EventRounds "9"]
[EventCountry "CZE"]

1. e4 e5 2. Nf3 Nc6 3. Bb5 a6 4. Bxc6 dxc6 5. d4 exd4 6. Qxd4 Qxd4 7. Nxd4 Bc5 8. Nf5 Bxf5 9. exf5 O-O-O 10. g4 Nf6 11. Be3 Bxe3 12. fxe3 Rhe8 13. Kf2 Nxg4+ 14. Kf3 Rxe3+ 15. Kxg4 Rd4+ 16. Kh5 Rh3+ 0-1